|
|
|
|
| LEADER |
01569nam a2200421 a 4500 |
| 001 |
nkc20092026136 |
| 003 |
CZ PrNK |
| 005 |
20100407100047.0 |
| 007 |
ta |
| 008 |
100216s2009 xr g 000 f cze |
| 015 |
|
|
|a cnb002026136
|
| 020 |
|
|
|a 978-80-7332-147-5
|q (brož.) :
|c Kč 349,00
|
| 035 |
|
|
|a (OCoLC)607525623
|
| 040 |
|
|
|a ABA001
|b cze
|
| 041 |
1 |
|
|a cze
|h eng
|
| 072 |
|
7 |
|a 821.111-3
|x Anglická próza, anglicky psaná
|2 Konspekt
|9 25
|
| 080 |
|
|
|a 821.111-31
|2 MRF
|
| 080 |
|
|
|a (0:82-312.9)
|2 MRF
|
| 100 |
1 |
|
|a Abercrombie, Joe,
|d 1974-
|7 xx0076408
|4 aut
|
| 245 |
1 |
0 |
|a První zákon.
|n Kniha třetí,
|p Poslední argument králů /
|c Joe Abercrombie ; [z anglického originálu ... přeložila Olga Machačová]
|
| 246 |
3 |
0 |
|a Poslední argument králů
|
| 250 |
|
|
|a Vyd. 1.
|
| 260 |
|
|
|a Frenštát p.R. [pod Radhoštěm] :
|b Polaris,
|c 2009
|
| 300 |
|
|
|a 589 s. ;
|c 20 cm
|
| 490 |
1 |
|
|a Fantasy
|
| 655 |
|
7 |
|a anglické romány
|7 fd131814
|2 czenas
|
| 655 |
|
7 |
|a fantasy romány
|7 fd184199
|2 czenas
|
| 655 |
|
9 |
|a English fiction
|2 eczenas
|
| 655 |
|
9 |
|a fantasy novels
|2 eczenas
|
| 765 |
0 |
|
|t First law. Book three, Last argument of kings
|9 Česky
|
| 765 |
1 |
|
|t Last argument of kings
|9 Česky
|
| 830 |
|
0 |
|a Fantasy (Polaris)
|0 s
|
| 856 |
4 |
1 |
|u http://www.digitalniknihovna.cz/mzk/uuid/uuid:a740d410-2ea6-11e4-8f64-005056827e52
|y Digitalizovaný dokument
|x NDK
|
| 910 |
2 |
|
|a BOA001
|b 2-1238.348,3
|
| 990 |
|
|
|a BK
|
| 995 |
|
|
|a 01
|
| 991 |
|
|
|b 201002
|
| 996 |
6 |
|
|b 2610411115
|c 2-1238.348,3
|l MZK
|r Sklad / do 1 hodiny
|n 1
|p p.v.
|w 001108658
|u 000010
|a 1
|e BOA001
|j MZK50
|s P
|